000 00292nam a2200097Ia 4500
005 20251222154358.0
008 251222s9999||||xx |||||||||||||| ||spa||
082 _aREF.985.008/C76/T.V/V.I
245 0 _aLa acción patriótica del pueblo en la emancipación: Guerrillas y montoneras
942 _cLIB
999 _c35183
_d35183